Statistics for Most likely countries in WW3 scenario 1

Click here to take the quiz!

General Stats

  • This quiz has been taken 175 times
    (135 since last reset)
  • The average score is 31 of 43

Answer Stats

Continent Country % Correct
North AmericaUnited States of America
100%
EuropeUnited Kingdom
97%
Asia/ EuropeRussia
92%
EuropeGermany
90%
EuropeFrance
89%
AsiaChina
89%
North AmericaCanada
87%
EuropeSpain
85%
AsiaJapan
85%
EuropePoland
82%
EuropeItaly
82%
EuropeUkraine
79%
Asia/ EuropeTurkey
79%
EuropeLithuania
77%
AsiaSouth Korea
77%
AsiaNorth Korea
77%
EuropeLatvia
76%
EuropeSweden
76%
EuropeFinland
76%
EuropeEstonia
75%
EuropePortugal
74%
EuropeNorway
72%
EuropeGreece
70%
EuropeSerbia
70%
EuropeBelgium
68%
Europethe Netherlands
68%
EuropeBulgaria
68%
EuropeAustria
68%
EuropeHungary
67%
EuropeRomania
67%
EuropeDenmark
66%
EuropeCroatia
65%
EuropeSlovakia
64%
EuropeAlbania
64%
EuropeCzech Republic
63%
EuropeBelarus
62%
EuropeSlovenia
60%
AsiaArmenia
56%
AsiaIsrael
53%
EuropeKosovo
49%
AsiaGeorgia
45%
AsiaKazakhstan
44%
AsiaKyrgyzstan
26%

Score Distribution

Percentile by Number Answered

Percent of People with Each Score

Your Score History

You have not taken this quiz since the last reset